|
|
|
|
| LEADER |
00000nab a2200000ua 4500 |
| 001 |
vtls010768043 |
| 003 |
SK-MaSNL |
| 005 |
20260304200652.0 |
| 008 |
250718s2004 xo |||||||||||||||||slo| |
| 035 |
|
|
|a (urnnbn)urn:nbn:sk:snk:ar-a03r10
|
| 035 |
|
|
|a (uuid)d5faa156-d067-4639-a41a-cbf505b942ce
|
| 035 |
|
|
|a urn:nbn:sk:snk-ab5e3q
|
| 040 |
|
|
|a SNKBUCL
|b slo
|c SNKBUCL
|e AACR2
|
| 041 |
0 |
|
|a eng
|
| 044 |
|
|
|a xo
|c SK
|
| 100 |
1 |
|
|a Kouzi, Katia
|4 aut
|9 1532012
|
| 245 |
1 |
0 |
|a INFLUENCE OF FUZZY ADAPTED SCALING FACTORS ON THE PERFORMANCE OF A FUZZY LOGIC CONTROLLER BASED ON AN INDIRECT VECTOR CONTROL FOR INDUCTION MOTOR DRIVE
|c Katia Kouzi, Lakhdar Mokrani
|
| 700 |
1 |
|
|a Mokrani, Lakhdar
|4 aut
|9 1532013
|
| 773 |
0 |
|
|t Journal of electrical engineering
|g Roč. 55, č. 7-8 (2004), s. [188]-194
|
| 850 |
|
|
|a Slovenská národná knižnica
|
| 852 |
|
|
|a Slovenská národná knižnica
|
| 958 |
|
|
|a article3
|
| 958 |
|
|
|a OND
|
| 958 |
|
|
|a EUIPO
|
| 999 |
|
|
|c 3090021
|d 3091951
|